Zákon č. 286/1992 Zb. o daniach z príjmov
Zákon č. 286/1992 Zb. o daniach z príjmov v znení neskorších zákonov a zákona č. 289/1997 Z.z. s praktickými príkladmi riešenia problémov vyplývajúcich z jednotlivých ustanovení.
Guardado en:
| Formato: | Capítulo de libro |
|---|---|
| Lenguaje: | eslovaco |
| Materias: | |
| Etiquetas: |
Sin Etiquetas, Sea el primero en etiquetar este registro!
|
MARC
| LEADER | 00000naa a2200000 4500 | ||
|---|---|---|---|
| 001 | r030643 | ||
| 005 | 20230919081102.7 | ||
| 041 | 0 | |a slo | |
| 044 | |a SK | ||
| 245 | 1 | 0 | |a Zákon č. 286/1992 Zb. o daniach z príjmov |
| 520 | |a Zákon č. 286/1992 Zb. o daniach z príjmov v znení neskorších zákonov a zákona č. 289/1997 Z.z. s praktickými príkladmi riešenia problémov vyplývajúcich z jednotlivých ustanovení. | ||
| 610 | 2 | 0 | |a zákony |
| 610 | 2 | 0 | |a Slovensko |
| 610 | 2 | 0 | |a dane z príjmov |
| 610 | 2 | 0 | |a 1992-1997 |
| 610 | 2 | 0 | |a novelizácia |
| 610 | 2 | 0 | |a komentáre |